Score 0/8 Timer 01:30
0 Plays Today
% Correct
Challenge accepted
96%
Have you met ___
95.2%
Legendary
95.1%
Suit up
93.6%
Wait for it
93.5%
Lawyered
89.3%
High five
87.7%
Awesome
81.4%

Today's Daily Dose

You're not logged in!

Compare scores with friends on all Sporcle quizzes.
OR
Log In

Sporcle TV

Today on Sporcle TV


Watch our educational content, quiz creation guides, and fun videos on Sporcle TV.

Show Comments

Extras

Top Quizzes Today


Score Distribution

Your Account Isn't Verified!

In order to create a playlist on Sporcle, you need to verify the email address you used during registration. Go to your Sporcle Settings to finish the process.

Report this User

Report this user for behavior that violates our Community Guidelines.

Details: